Zkušenosti z otevírání irské ekonomiky.
Írsko začalo existovať ako samostatný štát v r. 1921. Uplatňovalo najprv liberálnu politiku a od r. 1932 silný plošný intervencionizmus v záujme autarkickej stratégie industrializácie a substitúcie dovozov. Vznik EHS a EZVO spôsobil zásadný obrat k stratégii založenej na odstraňovaní protekcionizmu....
Salvato in:
| Autore principale: | |
|---|---|
| Natura: | Capitolo di libro |
| Lingua: | ceco |
| Soggetti: | |
| Tags: |
Nessun Tag, puoi essere il primo ad aggiungerne!!
|
MARC
| LEADER | 00000naa a2200000 4500 | ||
|---|---|---|---|
| 001 | r007933 | ||
| 005 | 20220831090818.4 | ||
| 041 | 0 | |a cze | |
| 044 | |a [CS] | ||
| 245 | 1 | 0 | |a Zkušenosti z otevírání irské ekonomiky. |c S. Tíkal |
| 520 | |a Írsko začalo existovať ako samostatný štát v r. 1921. Uplatňovalo najprv liberálnu politiku a od r. 1932 silný plošný intervencionizmus v záujme autarkickej stratégie industrializácie a substitúcie dovozov. Vznik EHS a EZVO spôsobil zásadný obrat k stratégii založenej na odstraňovaní protekcionizmu. Účinky otvárania írskej ekonomiky na priemysel, colné príjmy, poľnohospodárstvo. Dôsledky vstupu do ES. | ||
| 610 | 2 | 0 | |a Írsko |
| 610 | 2 | 0 | |a protekcionizmus |
| 610 | 2 | 0 | |a politika hospodárska |
| 610 | 2 | 0 | |a Európske spoločenstvá |
| 610 | 2 | 0 | |a EZVO |
| 610 | 2 | 0 | |a priemysel |
| 610 | 2 | 0 | |a poľnohospodárstvo |
| 610 | 2 | 0 | |a clá |
| 100 | 1 | |a Tíkal, S. | |